000 00519nam a22001817a 4500
999 _c159716
_d159716
005 20190102151946.0
010 _aENG-124622
020 _a9788192557173
_c600.00
035 _aEN-108154
037 _bDBAD/PUB
082 _a954.13
100 _aVerma, Vimal
245 _aLucknow:
_cby Vimal Verma
_bthe city of culture/
260 _c2018
_aAllahabad
_bAnurag Publication
270 _a116/70,Lukerganj,
_bAllahbad
_e211001
300 _c21cm(Hb)
_a140p.
_bill.
942 _cEN
_2ddc
_mVER
_h954.13